West Africa and Christianity / (Record no. 121187)
[ view plain ]
| 000 -LEADER | |
|---|---|
| fixed length control field | 01000cam a2200325ua 4500 |
| 001 - CONTROL NUMBER | |
| control field | 4454565 |
| 003 - CONTROL NUMBER IDENTIFIER | |
| control field | ARRUPE |
| 005 - DATE AND TIME OF LATEST TRANSACTION | |
| control field | 20141105180047.0 |
| 008 - FIXED-LENGTH DATA ELEMENTS--GENERAL INFORMATION | |
| fixed length control field | 860515s1986 enka b 001 0 eng |
| 010 ## - LIBRARY OF CONGRESS CONTROL NUMBER | |
| LC control number | 85227095 |
| 020 ## - INTERNATIONAL STANDARD BOOK NUMBER | |
| International Standard Book Number | 0713182636 (pbk) : |
| 035 ## - SYSTEM CONTROL NUMBER | |
| System control number | (OCoLC)14001209 |
| 035 ## - SYSTEM CONTROL NUMBER | |
| System control number | (OCoLC)ocm14001209 |
| 035 ## - SYSTEM CONTROL NUMBER | |
| System control number | (NNC)4454565 |
| 040 ## - CATALOGING SOURCE | |
| Modifying agency | CStRLIN |
| Transcribing agency | sdd |
| 043 ## - GEOGRAPHIC AREA CODE | |
| Geographic area code | fw----- |
| 050 0# - LIBRARY OF CONGRESS CALL NUMBER | |
| Classification number | BR1460 |
| Item number | .C57 1986 |
| 090 ## - LOCALLY ASSIGNED LC-TYPE CALL NUMBER (OCLC); LOCAL CALL NUMBER (OCLC) | |
| Classification number (OCLC) (R) ; Classification number, CALL (RLIN) (NR) | BR1460 |
| Local cutter number (OCLC) ; Book number/undivided call number, CALL (RLIN) | .C57 1986 |
| 300 ## - PHYSICAL DESCRIPTION | |
| Other physical details | ill. ; |
| Dimensions | 23 cm. |
| 100 1# - MAIN ENTRY--PERSONAL NAME | |
| Personal name | Clarke, Peter B. |
| Fuller form of name | (Peter Bernard) |
| 9 (RLIN) | 12437 |
| 245 10 - TITLE STATEMENT | |
| Title | West Africa and Christianity / |
| Statement of responsibility, etc | Peter B. Clarke. |
| 260 ## - PUBLICATION, DISTRIBUTION, ETC. (IMPRINT) | |
| Place of publication, distribution, etc | London : |
| Name of publisher, distributor, etc | E. Arnold, |
| Date of publication, distribution, etc | 1986. |
| 300 ## - PHYSICAL DESCRIPTION | |
| Extent | vi, 271 p. : |
| 500 ## - GENERAL NOTE | |
| General note | Cover subtitle: A study of religious development from the 15th to the 20th century. |
| 500 ## - GENERAL NOTE | |
| General note | Includes index. |
| 504 ## - BIBLIOGRAPHY, ETC. NOTE | |
| Bibliography, etc | Bibliography: [250]-255. |
| 650 #0 - SUBJECT ADDED ENTRY--TOPICAL TERM | |
| Topical term or geographic name as entry element | Missions |
| Geographic subdivision | Africa, West |
| General subdivision | History. |
| 9 (RLIN) | 12438 |
| 651 #0 - SUBJECT ADDED ENTRY--GEOGRAPHIC NAME | |
| Geographic name | Africa, West |
| General subdivision | Church history. |
| 9 (RLIN) | 12439 |
| 942 ## - ADDED ENTRY ELEMENTS (KOHA) | |
| Source of classification or shelving scheme | Library of Congress Classification |
| Koha item type | Monograph ( Printed materials) |
| Withdrawn status | Lost status | Source of classification or shelving scheme | Damaged status | Not for loan | Collection code | Home library | Current library | Shelving location | Date acquired | Total Checkouts | Full call number | Barcode | Date last seen | Price effective from | Koha item type |
|---|---|---|---|---|---|---|---|---|---|---|---|---|---|---|---|
| Library of Congress Classification | Main Collection | ARRUPE LIBRARY | ARRUPE LIBRARY | Main Collection | 05/11/2014 | BR1460 .C594 1986 | 46500003767 | 15/11/2016 | 05/11/2014 | Monograph ( Printed materials) |